Detalles MARC
| 000 -LIDER |
| fixed length control field |
01434nam a22001937a 4500 |
| 003 - IDENTIFICACDOR DE NÚMERO DE CONTROL |
| control field |
DO-SdBNP |
| 005 - DATE AND TIME OF LATEST TRANSACTION |
| control field |
20180510123219.0 |
| 008 - ELEMENTOS DE LONGITUD FIJA |
| fixed length control field |
171129b 1983mx||||| |||| 00| 0 spa d |
| 020 ## - ISBN |
| International Standard Book Number |
84 89600 19 8 (serie) |
| 040 ## - FUENTE DE CATALOGACIÓN |
| Agencia que crea de manera original el registro |
BPMSU |
| Idioma de catalogación |
spa |
| Agencia que realiza la transcripción |
BPMSU |
| 245 ## - MENCIÓN DE TITULO |
| Título |
La madera y su uso en la construcción |
| 260 ## - PUBLICACIÓN, DISTRIBUCIÓN, ETC. (PIE DE IMPRENTA) |
| Lugar de publicación, distribución, etc |
Veracruz, México : |
| Nombre del editor, distribuidor, etc. |
Instituto Nacional de Investigaciones sobre Recursos Bioticos ; |
| -- |
Laboratorio de Ciencia y Tecnología de la Madera , |
| Fecha de publicación, distribución, etc |
[1983 -] |
| 300 ## - DESCRIPCIÓN FÍSICA |
| Extensión |
v. |
| Otros detalles físicos |
il. ; |
| Dimensiones |
28 cm. |
| 500 ## - NOTA GENERAL |
| Nota general |
Se utilizó el titulo de la serie para reunir la colección en la estantería |
| 500 ## - NOTA GENERAL |
| Nota general |
La biblioteca posee los nos. 4, 5, 7, 8, 9, 10 |
| 505 ## - NOTA DE CONTENIDO |
| Información miscelánea |
v.4. |
| Título |
Preservación de madera de pino con sales de boro / |
| Mención de responsabilidad |
José Erdoiza, Ramón Echenique M. -- |
| Información miscelánea |
v.5. |
| Título |
Usos de estructuras de madera en Mexico / |
| Mención de responsabilidad |
Francisco Robles Fernández -- |
| Información miscelánea |
v.7. |
| Título |
Prevención y control de daño por termitas en estructuras con madera / |
| Mención de responsabilidad |
Víctor Pérez Moralez , Guadalupe Bárcenos Pazos, Ramón Echenique Manrique -- |
| Información miscelánea |
v.8. |
| Título |
Tratamiento para postes de cerca de madera de pino por el método de baño caliente baño frio con creosota / |
| Mención de responsabilidad |
José J. Erdoiza S. -- |
| Información miscelánea |
v.9. |
| Título |
Construcción de un invernadero con marcos de madera / |
| Mención de responsabilidad |
Rodolfo Flores , Juan José Salinas -- |
| Información miscelánea |
v.10. |
| Título |
Tratamiento de doble difusión para zacate, otate y hojas de palma con sales hidrosolubles / |
| Mención de responsabilidad |
J. J. Erdoiza Sordo. |
| 942 ## - ADDED ENTRY ELEMENTS (KOHA) |
| Source of classification or shelving scheme |
Dewey Decimal Classification |
| Koha item type |
Libros |
| 945 ## - INFORMACIÓN DE PROCESAMIENTO LOCAL |
| Información de procesamiento local |
Inventariado, 2017/MFF |